Kabale University Library Catalogue

The quality of democracy : (Record no. 6038)

MARC details
000 -LEADER
fixed length control field 01284cam a22003014a 4500
003 - CONTROL NUMBER IDENTIFIER
control field OSt
005 - DATE AND TIME OF LATEST TRANSACTION
control field 20260205124050.0
008 - FIXED-LENGTH DATA ELEMENTS--GENERAL INFORMATION
fixed length control field 040715s2004 inu b 101 0 eng
020 ## - INTERNATIONAL STANDARD BOOK NUMBER
International Standard Book Number 0268037191
Qualifying information cloth : alk. paper
020 ## - INTERNATIONAL STANDARD BOOK NUMBER
International Standard Book Number 0268037205
Qualifying information pbk. : alk. paper
020 ## - INTERNATIONAL STANDARD BOOK NUMBER
International Standard Book Number 9780268037208
Qualifying information (pbk. : alk. paper)
040 ## - CATALOGING SOURCE
Original cataloging agency KABLIB
Transcribing agency KABLIB
Language of cataloging eng
Description conventions rda
082 00 - DEWEY DECIMAL CLASSIFICATION NUMBER
Classification number 321.8
Edition number 23
Item number QUA
245 04 - TITLE STATEMENT
Title The quality of democracy :
Remainder of title theory and applications /
Statement of responsibility, etc. edited by Guillermo O'Donnell, Jorge Vargas Cullell, and Osvaldo M. Iazzetta.
260 ## - PUBLICATION, DISTRIBUTION, ETC.
Place of publication, distribution, etc. Notre Dame, Ind. :
Name of publisher, distributor, etc. University of Notre Dame Press,
Date of publication, distribution, etc. 2004.
300 ## - PHYSICAL DESCRIPTION
Extent xiv, 274 p. ;
Dimensions 24 cm.
504 ## - BIBLIOGRAPHY, ETC. NOTE
Bibliography, etc. note Includes bibliographical references and index.
610 ## - SUBJECT ADDED ENTRY--CORPORATE NAME
Source of heading or term Democracy
650 #0 - SUBJECT ADDED ENTRY--TOPICAL TERM
Topical term or geographic name entry element Democracy
Geographic subdivision Latin America
Form subdivision Congresses.
9 (RLIN) 15271
650 #0 - SUBJECT ADDED ENTRY--TOPICAL TERM
Topical term or geographic name entry element Human rights
Geographic subdivision Latin America
Form subdivision Congresses.
9 (RLIN) 15272
650 #0 - SUBJECT ADDED ENTRY--TOPICAL TERM
Topical term or geographic name entry element Political participation
Geographic subdivision Latin America
Form subdivision Congresses.
9 (RLIN) 15273
651 #0 - SUBJECT ADDED ENTRY--GEOGRAPHIC NAME
Geographic name Latin America
General subdivision Economic conditions
Chronological subdivision 1982-
Form subdivision Congresses.
9 (RLIN) 15274
655 #7 - INDEX TERM--GENRE/FORM
Genre/form data or focus term Conference papers and proceedings.
Source of term lcgft
Authority record control number or standard number https://id.loc.gov/authorities/genreForms/gf2014026068
9 (RLIN) 15275
700 1# - ADDED ENTRY--PERSONAL NAME
Personal name O'Donnell, Guillermo A.
9 (RLIN) 15169
700 1# - ADDED ENTRY--PERSONAL NAME
Personal name Vargas Cullel, Jorge.
9 (RLIN) 15276
700 1# - ADDED ENTRY--PERSONAL NAME
Personal name Iazzetta, Osvaldo Miguel.
9 (RLIN) 15277
942 ## - ADDED ENTRY ELEMENTS (KOHA)
Source of classification or shelving scheme Dewey Decimal Classification
Koha item type Book
Holdings
Withdrawn status Lost status Source of classification or shelving scheme Damaged status Not for loan Home library Current library Shelving location Date acquired Source of acquisition Total Checkouts Full call number Barcode Date last seen Price effective from Koha item type
    Dewey Decimal Classification     Mukombe Library Mukombe Library Open Access Section 05.02.2026 Donation   321.8 QUA 14531 05.02.2026 05.02.2026 Book

Kabale University Library | Kabale University P.O Box 317, Kabale, Uganda
Tel : +256754017033, +256774661503 E-mail : library@kab.ac.ug